Introducción a la Ergonomía (Registro nro. 108712)

Detalles MARC
000 -LEADER
campo de control de longitud fija 00546nam a2200169 4500
001 - NÚMERO DE CONTROL
campo de control 108712
003 - IDENTIFICADOR DE NÚMERO DE CONTROL
campo de control ES-MaACL
005 - FECHA Y HORA DE LA ÚLTIMA TRANSACCIÓN
campo de control 20230906184707.0
007 - CAMPO FIJO DE DESCRIPCIÓN FÍSICA--INFORMACIÓN GENERAL
campo de control de longitud fija t|
008 - DATOS DE LONGITUD FIJA--INFORMACIÓN GENERAL
campo de control de longitud fija 061121s1971 sp r ||||1| spa d
100 1# - ENTRADA PRINCIPAL--NOMBRE DE PERSONA
Nombre de persona Montmollin, Maurice de.
9 (RLIN) 82662
245 10 - MENCIÓN DEL TÍTULO
Título Introducción a la Ergonomía
Resto del título : los sistemas hombres-máquinas /
Mención de responsabilidad, etc. Maurice de Montmollin; versión de Ana María Bravo.
260 ## - PUBLICACIÓN, DISTRIBUCIÓN, ETC.
Lugar de publicación, distribución, etc. Madrid :
Nombre del editor, distribuidor, etc. Aguilar,
Fecha de publicación, distribución, etc. 1971.
300 ## - DESCRIPCIÓN FÍSICA
Extensión XI, 210 p. ;
Dimensiones 21 cm.
700 1# - ENTRADA AGREGADA--NOMBRE PERSONAL
Nombre de persona Bravo, Ana María.
9 (RLIN) 31444
852 ## - LOCALIZACIÓN
Ubicación ES-MaACL
Número de control de estantería C-38540
Sublocalización o colección R.76831
Existencias
Estatus retirado Estado de pérdida Estado de daño No para préstamo Biblioteca de origen Biblioteca actual Ubicación en estantería Fecha de adquisición Fuente de adquisición Total de préstamos Signatura topográfica completa Código de barras Visto por última vez Precio de reemplazo Tipo de ítem Koha
        Biblioteca del Ateneo de Madrid Biblioteca del Ateneo de Madrid Depósito 2 17/01/2008     C-38540 1113437 23/02/2023 23/02/2023 Libro impreso